000 00896nam a22002417a 4500
005 20110810113757.0
008 110810t xxu||||| |||| 00| 0 eng d
010 _aENG-103522
020 _c125.00
_a9788192043718
035 _aEN-87055
037 _bDBAD/Konark Publishers
040 _aDPL
_bEng
082 _a230.55
100 _931629
_aPuri, Swami Amritaswarupananda
245 _aFrom Amma's heart :
_cby Swami Amritaswarupananda Puri
_bconversations with mata Amritanandamayi Devi /
260 _aKerala
_bAmrita Books
_c2010
270 _bKerala
_aAmritapuri P.O.Kollam
_e690525
_minfo@amritabooks.in
300 _a267p. ;
_c22cm (pbk)
_bill
650 _931639
700 _931640
942 _2ddc
_cEN
_mPUR
_h230.55
999 _c55944
_d55944